Pinstripe Bowl Winners - Statistics

General Stats
  • This quiz has been taken 4 times
  • The average score is 11 of 15
Answer Stats
Year Winner % Correct
2014 Penn State
100%
2025 Penn State
100%
2017 Iowa
75%
2021 Maryland
75%
2019 Michigan State
75%
2022 Minnesota
75%
2024 Nebraska
75%
2016 Northwestern
75%
2011 Rutgers
75%
2023 Rutgers
75%
2010 Syracuse
75%
2012 Syracuse
75%
2018 Wisconsin
75%
2015 Duke
50%
2013 Notre Dame
50%
No matching quizzes found
Score Distribution
Percent of People with Each Score
Percentile by Number Answered
Your Score History
You have not taken this quiz